000 00607nam a2200181Ia 4500
008 100920s9999 xx 000 0 und d
082 _b62483
_a28 व 51 थ 60
100 _aपटवर्धन ना.म.
245 _aआमचे अण्णा.
260 _bजगताप-कारले प्रकाशन, पुणे 2.
_c1960
300 _a54
_bसाधी
365 _b0.7
520 _aबा. वि चरित्र.
630 _aआमचे अण्णा.
650 _aबा. वि चरित्र.
730 _aआमचे अण्णा.
942 _cBOOK
999 _c705589
_d705586